Cities design and evolution / (Record no. 353471)
[ view plain ]
| 000 -LEADER | |
|---|---|
| fixed length control field | 02391cam a2200337 a 4500 |
| 001 - CONTROL NUMBER | |
| control field | 14863259 |
| 003 - CONTROL NUMBER IDENTIFIER | |
| control field | OSt |
| 005 - DATE AND TIME OF LATEST TRANSACTION | |
| control field | 20180116192408.0 |
| 008 - FIXED-LENGTH DATA ELEMENTS--GENERAL INFORMATION | |
| fixed length control field | 070524s2009 enkaeh | 00| 0 eng |
| 010 ## - LIBRARY OF CONGRESS CONTROL NUMBER | |
| LC control number | 2007021591 |
| 020 ## - INTERNATIONAL STANDARD BOOK NUMBER | |
| International Standard Book Number | 9780415423298 (pb : alk. paper) |
| 020 ## - INTERNATIONAL STANDARD BOOK NUMBER | |
| International Standard Book Number | 0415423295 (pb : alk. paper) |
| 035 ## - SYSTEM CONTROL NUMBER | |
| System control number | (OCoLC)138340553 |
| 035 ## - SYSTEM CONTROL NUMBER | |
| System control number | (OCoLC)ocn138340553 |
| 040 ## - CATALOGING SOURCE | |
| Original cataloging agency | DLC |
| Transcribing agency | DLC |
| Modifying agency | YDX |
| -- | BTCTA |
| -- | BAKER |
| -- | YDXCP |
| -- | OCLCG |
| -- | BWK |
| -- | BWX |
| -- | DLC |
| 050 00 - LIBRARY OF CONGRESS CALL NUMBER | |
| Classification number | HT166 |
| Item number | .M2593 2009 |
| 082 00 - DEWEY DECIMAL CLASSIFICATION NUMBER | |
| Classification number | 711.4 MAR 2009 |
| Edition number | 22 |
| 100 1# - MAIN ENTRY--PERSONAL NAME | |
| Personal name | Marshall, Stephen, |
| Dates associated with a name | 1967- |
| 9 (RLIN) | 1102 |
| 245 10 - TITLE STATEMENT | |
| Title | Cities design and evolution / |
| Statement of responsibility, etc. | Stephen Marshall. |
| 260 ## - PUBLICATION, DISTRIBUTION, ETC. | |
| Place of publication, distribution, etc. | Abingdon, Oxon ; |
| -- | New York, NY : |
| Name of publisher, distributor, etc. | Routledge, |
| Date of publication, distribution, etc. | 2009. |
| 300 ## - PHYSICAL DESCRIPTION | |
| Extent | xiii, 342 p. : |
| Other physical details | ill., facisms., plans ; |
| Dimensions | 21 cm. |
| 504 ## - BIBLIOGRAPHY, ETC. NOTE | |
| Bibliography, etc. note | Includes bibliographical references( p.[307]-330 ) and index. |
| 505 0# - FORMATTED CONTENTS NOTE | |
| Formatted contents note | Introduction -- Planning at the crossroads -- Understanding urbanism -- Learning from science and nature -- This book -- Cities, planning and modernism -- City planning -- Modernist city planning -- Post-modern urbanism -- Conclusions -- Articulating urban order -- Urban units -- Urban syntax -- The nature of urban order -- Conclusions -- The social logic of urban order -- Buildings -- Cities -- The streets -- Conclusions -- The kind of thing a city is -- Metaphors and models -- Emerging perspectives -- The city as ecosystem -- Conclusions -- Emergence and evolution -- Emergence -- Evolution -- Conclusions -- Emergent urban order -- Urban emergence -- Street patterns -- City forms -- Conclusions -- Cities in evolution -- The evolution of cities -- Modernism in evolution -- 21st century evolving urbanism -- Planning, design and evolution -- Creation, development or evolution -- Space, time and civics -- An evolutionist approach -- Conclusions -- Understanding cities and urbanism -- Implications for practice and research -- Reflections on evolution -- Beyond cities, design and evolution. |
| 650 #0 - SUBJECT ADDED ENTRY--TOPICAL TERM | |
| Topical term or geographic name entry element | City planning. |
| 9 (RLIN) | 1103 |
| 650 #0 - SUBJECT ADDED ENTRY--TOPICAL TERM | |
| Topical term or geographic name entry element | Cities and towns. |
| 9 (RLIN) | 1104 |
| 856 41 - ELECTRONIC LOCATION AND ACCESS | |
| Materials specified | Table of contents only |
| Uniform Resource Identifier | <a href="http://www.loc.gov/catdir/toc/ecip0719/2007021591.html">http://www.loc.gov/catdir/toc/ecip0719/2007021591.html</a> |
| 906 ## - LOCAL DATA ELEMENT F, LDF (RLIN) | |
| a | 7 |
| b | cbc |
| c | orignew |
| d | 1 |
| e | ecip |
| f | 20 |
| g | y-gencatlg |
| 942 ## - ADDED ENTRY ELEMENTS (KOHA) | |
| Source of classification or shelving scheme | |
| Koha item type | Book |
| Withdrawn status | Lost status | Source of classification or shelving scheme | Damaged status | Not for loan | Permanent Location | Current Location | Date acquired | Total Checkouts | Total Renewals | Full call number | Barcode | Date last seen | Date last checked out | Cost, replacement price | Price effective from | Koha item type |
|---|---|---|---|---|---|---|---|---|---|---|---|---|---|---|---|---|
| School of Art Design and Architecture (SADA) | School of Art Design and Architecture (SADA) | 04/25/2012 | 10 | 6 | 711.4 MAR 2009 | SADA0001663 | 03/05/2015 | 03/04/2015 | 6299.00 | 04/26/2012 | Book |
